Digital systems design using VHDL (Record no. 143)

MARC details
000 -LEADER
Fixed length control field 00490nam a2200157 4500
003 - CONTROL NUMBER IDENTIFIER
Control field SEACOMEC
005 - DATE AND TIME OF LATEST TRANSACTION
Control field 20240416115458.0
008 - FIXED-LENGTH DATA ELEMENTS--GENERAL INFORMATION
Fixed length control field 231006b |||||||| |||| 00| 0 eng d
040 ## - CATALOGING SOURCE
Original cataloging agency SEACOMEC
082 ## - DEWEY DECIMAL CLASSIFICATION NUMBER
Book Number R845
Classification number 621.392
100 1# - MAIN ENTRY--PERSONAL NAME
Personal name Roth, Charles H.
245 1# - TITLE STATEMENT
Title Digital systems design using VHDL
Statement of responsibility Charles H. Roth
260 ## - IMPRINT
Place of publication Singapore
Name of publisher Tomson
Date of publication 2005
650 ## - SUBJECT ADDED ENTRY--TOPICAL TERM
Topical term Computer Engineering
Form subdivision VHDL (Computer hardware description language)
General subdivision System design-Data processing
942 ## - ADDED ENTRY ELEMENTS (KOHA)
Koha item type Books
Holdings
Withdrawn status Lost status Source of classification Damaged status Not for loan Home library Current library Date acquired Total Checkouts Call number Accession number Date last seen Price effective from Koha item type
    Dewey Decimal Classification     SEACOM ENGINEERING COLLEGE SEACOM ENGINEERING COLLEGE 16/04/2024   R845 621.392 5111 16/04/2024 16/04/2024 Books
© Seacom Engineering College, All rights reserved.      Powered by Koha